000 00343nam a2200133Ia 4500
008 240624s9999 xx 000 0 und d
041 _aeng
082 _a658.562 SHI
100 _aSHINGO SHIGEO
245 _aREVOLUTION IN MANUFACTURING THE SMED SYSTEM
250 _a(5th ed.)
260 _c2012
_aTokyo
_bProductivity Press
365 _cRS
_b30
999 _c27632
_d27632